00231nam a2200109Ia 4500100001600000654001500016245002900031260002700060082001400087300000800101546001200109 aSklar/Joel  aweb design aPrinciples of Web design bThomsan Learningc2000 a4.65bSKL a288 aENGLISH